Romania A-Z - Statistics

General Stats
  • This quiz has been taken 31 times
  • The average score is 13 of 23
Answer Stats
Clue Answer % Correct
B Capital city Bucharest
100%
M A neighbor of Romania Moldova
93%
S A neighbor of Romania Serbia
90%
L Currency of Romania Leu
86%
V First name of the historical prototype of Dracula Vlad
86%
C Gymnast who earned six perfect 10s at the 1976 Summer Olympics Nadia Comăneci
79%
D Romanian carmaker accounting for 8% of exports Dacia
76%
H In the 1990s, he was the captain of the Romanian national team Gheorghe Hagi
69%
P Romania sheltered the government of this country during World War II Poland
66%
T A historical region in central Romania Transylvania
66%
O The city where the largest airport is located Otopeni
59%
W The population of these animals is one of the largest in Europe. They mainly inhabit the Carpathian region. Wolf
59%
I The county surrounding the capital of Romania {Ilfov} County
55%
E The greatest Romanian poet Mihai Eminescu
52%
N The county whose capital is Piatra Neamț {Neamț} County
52%
Z The capital of Sălaj County Zalău
48%
J A literary society founded in Iași in 1863 Junimea
41%
U The best football club from the city of Craiova Universitatea Craiova
38%
A A left tributary of the Danube and the name of a county Argeș
34%
F The mountain range with the highest peak of Romania Făgăraș Mountains
31%
R A national park located in Hunedoara County {Retezat} National Park
21%
K Hungarian name of Cluj-Napoca Kolozsvár
10%
G The name of the newspaper published between 1922 and 1944 Gândirea
7%
No matching quizzes found
Score Distribution
Percent of People with Each Score
Percentile by Number Answered
Your Score History
You have not taken this quiz